Bulgarien Leichtindustre Nahrungsmittelindustrie Genussmittelindustrie (Запис номер 474668)
[ съкратено ]
| 000 -Лидер | |
|---|---|
| Контролно поле с фиксирана дължина | nam a22 a 4500 |
| 003 - Код на организацията, давaща контролен номер | |
| Контролно поле | BLK |
| 005 - Дата и час на последна редакция | |
| Контролно поле | 20220930094451.0 |
| 008 - Елементи от данни с фиксирана дължина | |
| fixed length control field | 180411b bul|||||r ||||||| ||bul|| |
| 040 ## - Източник на каталожния запис | |
| Идентификатор на билиотеката - собственик на записа | BLK |
| 041 ## - Код за език | |
| Код за езика на текст/звукозапис или на отделно заглавие | Немски |
| Код за езика КДБФ | Немски |
| 080 ## - УДК | |
| Текстов определител УДК | Различни производства (промишлености) и занаяти. Лека промишленост |
| УДК код - определител по УДК | 67/68 |
| УДК определител | (497.2) |
| УДК - код + определител | 67/68(497.2) |
| 080 ## - УДК | |
| Текстов определител УДК | Хранителна и консервна промишленост |
| УДК код - определител по УДК | 664 |
| УДК определител | (497.2) |
| УДК - код + определител | 664(497.2) |
| 080 ## - УДК | |
| Текстов определител УДК | Техническа микробиология. Технология на напитките. Технология на вкусовите вещества |
| УДК код - определител по УДК | 663 |
| УДК определител | (497.2) |
| УДК - код + определител | 663(497.2) |
| 100 ## - Редна дума - Автор | |
| Автор | Bobcevski, Aleksandar |
| Авторска отговорност | първи автор |
| R(LIN) | 479860 |
| 139 ## - Редно поле | |
| Редна дума | Bobcevski, Aleksandar |
| 245 ## - Сведения за заглавието | |
| Заглавие | Bulgarien Leichtindustre Nahrungsmittelindustrie Genussmittelindustrie |
| Подзаглавни данни | [Очерк] |
| Редно поле (дума) | Alexander Bobtschevski ; прев. от бълг. |
| 257 ## - Страна на издаване | |
| Страна на създаване/издаване | България |
| 260 ## - Област на издателските данни | |
| Място на издаване, разпространение и проч. | Sofia |
| Име на издателя, разпространителя и проч. | Sofia-Press |
| Година на издаване | 1974 |
| 9 (RLIN) | 217007 |
| 300 ## - Физическа характеристика | |
| Страници | 48 с. |
| Илюстрации и др. | с ил. |
| Размери/Мащаб | 20 см |
| 380 ## - Жанр | |
| Жанр | Техника |
| 490 ## - СЕРИИ (Колекции) | |
| 9 (RLIN) | 479637 |
| Име на серия | 30 Jahre seit der sozialistischen Revolution in Bulgarien |
| 500 ## - Общи забележки | |
| Забележка | Прев. е направен от ръкоп. |
| 650 #0 - Допълнително описание по предмет – тема | |
| Основно описание – тема или топоним | Лека промишленост - България |
| 9 (RLIN) | 243578 |
| 650 #0 - Допълнително описание по предмет – тема | |
| Основно описание – тема или топоним | Хранително-вкусова промишленост |
| 9 (RLIN) | 249788 |
| 650 #7 - Допълнително описание по предмет – тема | |
| Основно описание – тема или топоним | Напитки |
| 9 (RLIN) | 163223 |
| 700 1# - Други автори (авторска отговорност) | |
| Лично име | Бобчевски, Александър Петров |
| 9 (RLIN) | 39924 |
| 852 ## - Местоположение | |
| Форматна сигнатура | Цб 72084 |
| Фондова буква | Хранилище |
| 999 ## - СИСТЕМНИ КОНТРОЛНИ НОМЕРА | |
| Koha biblionumber | 474668 |
| Koha biblioitemnumber | 474668 |
| 942 ## - АРТИКУЛИ | |
| Вид на библиотечния материал | Книги |
| Скрит в OPAC | Не |
| Периодичен библиозапис | Да |
| 944 ## - СЪЗДАВАНЕ И РЕДАКЦИЯ на ЗАПИСА | |
| Създаване/Редакция | Създаване |
| Дата на регистрацията/редакция | 2022-09-30 |
| Служител, извършил регистрацията/редакцията | Кети |
| Код за отписване | Код за изгубен артикул | Източник на класификационната схема | Код за повреда | Коз за рестрикции | Код за отдаване | Артикулен № | Име на библиотеката - собственик | Име на библиотеката, в която се намира в момента | Статус (Текущо местоположение) | Дата на вписване в системата | Местоположение - отдел | Цена в лева | Инвентарен номер | Систематично азбучна сигнатура | Баркод | Цена в евро | Служебен тип на артикула |
|---|---|---|---|---|---|---|---|---|---|---|---|---|---|---|---|---|---|
| Не е изгубен | Universal Decimal Classification | Не е повреден | само за читалня | ползва се в читалня | 906412 | Регионална библиотека "Любен Каравелов" Русе | Регионална библиотека "Любен Каравелов" Русе | Хранилище | 2022-10-04 | Основен фонд - ползва се само за читалня | 0.25 | 167015 | Цб 72084 | 120000167015 | 0.13 | Книги |